Strategické korporácie

Stratégie obrany manažmentu voči prepúšťaniu. Obranné stratégie používané manažmentom. Snaha o prevzatie podniku a pohyb cien akcií pri preberaní podniku. Možnosti akcionárov obmedziť rozhodovanie manažmentu. Činnosť štatutárnych orgánov.

Salvato in:
Dettagli Bibliografici
Autore principale: Brzica, Daneš
Natura: Capitolo di libro
Lingua:slovacco
Soggetti:
Tags: Aggiungi Tag
Nessun Tag, puoi essere il primo ad aggiungerne!!

MARC

LEADER 00000naa a2200000 4500
001 r036415
005 20230919123216.4
041 0 |a slo 
044 |a SK 
245 1 0 |a Strategické korporácie  |c Daneš Brzica 
520 |a Stratégie obrany manažmentu voči prepúšťaniu. Obranné stratégie používané manažmentom. Snaha o prevzatie podniku a pohyb cien akcií pri preberaní podniku. Možnosti akcionárov obmedziť rozhodovanie manažmentu. Činnosť štatutárnych orgánov. 
610 2 0 |a korporácie 
610 2 0 |a stratégia podniková 
610 2 0 |a manažment 
610 2 0 |a orgány štatutárne 
610 2 0 |a akcionári 
610 2 0 |a efektívnosť podnikania 
100 1 |a Brzica, Daneš